Statistics for Orlando Magic 2010's Starters

Click here to take the quiz!

General Stats

  • This quiz has been taken 400 times
    (341 since last reset)
  • The average score is 10 of 23

Answer Stats

PlayerStarts% Correct
Dwight Howard3
95%
Nikola Vučević7
95%
Aaron Gordon3
77%
Evan Fournier4
71%
Jameer Nelson5
68%
Hedo Türkoğlu2
62%
D.J. Augustin1
58%
Rashard Lewis1
54%
Jonathan Isaac1
53%
Elfrid Payton4
42%
Vince Carter1
42%
Victor Oladipo3
39%
Tobias Harris2
34%
Arron Afflalo2
30%
Serge Ibaka1
28%
Glen Davis2
24%
Ryan Anderson1
23%
Jason Richardson2
16%
Matt Barnes1
14%
Brandon Bass1
13%
Maurice Harkless1
10%
Jonathon Simmons1
9%
Channing Frye1
6%

Score Distribution

Percentile by Number Answered

Percent of People with Each Score

Your Score History

You have not taken this quiz since the last reset